Loading...
| Literature - World Literature | 0 | 12 | 1 | 0 | 115 | 83 | 108.50 | 1 | 3 |
| Literature - European Literature | 0 | 11 | 1 | 2 | 105 | 85 | 113.73 | 0 | 1 |
| Literature - American Literature | 0 | 11 | 3 | 0 | 95 | 47 | 101.55 | 1 | 5 |
| Literature - British Literature | 0 | 10 | 4 | 2 | 80 | 95 | 120.70 | 0 | 3 |
| Mythology | 0 | 3 | 0 | 1 | 30 | 81 | 101.00 | 0 | 0 |
| History - American History | 0 | 2 | 0 | 0 | 20 | 97 | 115.00 | 0 | 0 |
| Science - Biology | 0 | 2 | 0 | 0 | 20 | 96 | 102.00 | 0 | 1 |
| History - World History | 0 | 2 | 0 | 0 | 20 | 116 | 126.50 | 0 | 0 |
| Any History | 0 | 1 | 0 | 1 | 10 | 145 | 145.00 | 0 | 0 |
| Fine Arts - Other Fine Arts | 0 | 1 | 0 | 1 | 10 | 137 | 137.00 | 0 | 0 |
| Painting & Sculpture | 0 | 1 | 0 | 0 | 10 | 145 | 145.00 | 0 | 0 |
| Philosophy | 0 | 2 | 2 | 0 | 10 | 107 | 117.50 | 0 | 0 |
| Religion | 0 | 1 | 0 | 1 | 10 | 146 | 146.00 | 0 | 0 |
| History - European History | 0 | 0 | 0 | 0 | 0 | 0.00 | 0 | 0 | |
| Science - Other Science | 0 | 0 | 1 | 0 | -5 | 0.00 | 0 | 0 |